GREY WOLF MUSTAFA KEMAL An Intimate Study of a Dictator. (Record no. 686204)

MARC details
000 -LEADER
fixed length control field 00573nam a2200181Ia 4500
008 - FIXED-LENGTH DATA ELEMENTS--GENERAL INFORMATION
fixed length control field 100920s9999 xx 000 0 und d
082 ## - DEWEY DECIMAL CLASSIFICATION NUMBER
Item number 30884
Classification number 5 थ 35
100 ## - MAIN ENTRY--PERSONAL NAME
Personal name ARMSTRONG H.C.
245 ## - TITLE STATEMENT
Title GREY WOLF MUSTAFA KEMAL An Intimate Study of a Dictator.
260 ## - PUBLICATION, DISTRIBUTION, ETC. (IMPRINT)
Name of publisher, distributor, etc ARTHUR BARKER ,LTD.
Date of publication, distribution, etc 1935
300 ## - PHYSICAL DESCRIPTION
Extent 341
Other physical details साधी
365 ## - TRADE PRICE
Price amount 0
520 ## - SUMMARY, ETC.
Summary, etc ई.एल. ई.
630 ## - SUBJECT ADDED ENTRY--UNIFORM TITLE
Uniform title GREY WOLF MUSTAFA KEMAL An Intimate Study of a Dictator.
650 ## - SUBJECT ADDED ENTRY--TOPICAL TERM
Topical term or geographic name as entry element ई.एल. ई.
730 ## - ADDED ENTRY--UNIFORM TITLE
Uniform title GREY WOLF MUSTAFA KEMAL An Intimate Study of a Dictator.
942 ## - ADDED ENTRY ELEMENTS (KOHA)
Koha item type Book
Holdings
Withdrawn status Lost status Damaged status Not for loan Home library Current library Shelving location Date acquired Cost, normal purchase price Total Checkouts Barcode Date last seen Price effective from Koha item type Public note
        Shri Chhatrapati Pratapsinh Maharaj ( Thorle) Nagar Vachanalaya, Satara Shri Chhatrapati Pratapsinh Maharaj ( Thorle) Nagar Vachanalaya, Satara     0.00   SATVAC-30884 09/20/2010 09/20/2010 Book देवघेव